000 00781nam a2200193 a 4500
001 000007566
005 20210420095436.0
008 090909s1994 dr r 000 0 spa d
040 _aDO-SdBNP
_bspa
_cBNPHU
082 _a379.7293
_bM236p
100 1 _aMalagón, Jacqueline
_920998
245 1 0 _aPalabras en acción :
_buna visión de la educación dominicana /
_cJacqueline Malagón ; prólogo Manuel A. García Arévalo.
260 _aSanto Domingo :
_bCorripio,
_c1994.
300 _av. ;
_c24 cm.
500 _aIncluye datos biográficos del autor en la contracubierta
650 4 _aEducación
_zRepública Dominicana
_xDiscursos, conferencias, etc.
_920999
650 4 _aEducación
_xModelos de enseñanza
_921000
700 1 _a García Arévalo, Manuel Antonio
_d1948-
_epról.
_959457
999 _c7347
_d7347